[Event "Moscow_Open_19_TurnirA"]
[Site "?"]
[Date "2019.02.02"]
[Round "8.12"]
[White "Fakhrutdinov, Timur"]
[Black "Soumya, Swaminathan"]
[Result "1-0"]
[BlackElo "2416"]
[WhiteElo "2481"]
[LiveChessVersion "1.4.8"]

1. e4 {[%clk 1:30:57]} c5 {[%clk 1:30:32]} 2. Nf3 {[%clk 1:31:20]} Nc6
{[%clk 1:30:27]} 3. d4 {[%clk 1:31:43]} cxd4 {[%clk 1:30:51]} 4. Nxd4
{[%clk 1:32:09]} e6 {[%clk 1:31:13]} 5. Nc3 {[%clk 1:32:31]} Qc7 {[%clk 1:31:39]}
6. Be3 {[%clk 1:32:51]} a6 {[%clk 1:32:03]} 7. a3 {[%clk 1:33:11]} b5
{[%clk 1:31:46]} 8. Nxc6 {[%clk 1:33:07]} Qxc6 {[%clk 1:32:08]} 9. Be2
{[%clk 1:32:42]} Bb7 {[%clk 1:31:02]} 10. O-O {[%clk 1:32:10]} Rc8
{[%clk 1:28:08]} 11. Qd2 Nf6 {[%clk 1:05:55]} 12. f3 {[%clk 1:17:11]} Qc7
{[%clk 0:53:22]} 13. Rfd1 {[%clk 0:59:02]} Bc5 {[%clk 0:45:37]} 14. Kh1
{[%clk 0:45:46]} Bxe3 {[%clk 0:42:17]} 15. Qxe3 {[%clk 0:46:10]} O-O
{[%clk 0:39:40]} 16. Qd4 {[%clk 0:34:57]} e5 {[%clk 0:25:56]} 17. Qd6
{[%clk 0:30:21]} Qxd6 {[%clk 0:25:10]} 18. Rxd6 {[%clk 0:30:46]} Rc6
{[%clk 0:25:26]} 19. Rxc6 {[%clk 0:26:36]} dxc6 {[%clk 0:23:19]} 20. Rd1
{[%clk 0:24:32]} Rb8 {[%clk 0:17:11]} 21. Na2 {[%clk 0:21:18]} Kf8
{[%clk 0:17:16]} 22. Nc1 {[%clk 0:16:55]} Ke7 {[%clk 0:17:41]} 23. Nb3
{[%clk 0:16:48]} Nd7 {[%clk 0:14:29]} 24. Kg1 {[%clk 0:14:13]} Nf8
{[%clk 0:10:32]} 25. Kf2 {[%clk 0:12:42]} Ne6 {[%clk 0:09:40]} 26. Ke3
{[%clk 0:12:46]} Rd8 {[%clk 0:09:13]} 27. Rc1 {[%clk 0:09:51]} Bc8
{[%clk 0:08:53]} 28. g3 {[%clk 0:09:04]} g5 {[%clk 0:09:11]} 29. Bf1
{[%clk 0:07:19]} Bd7 {[%clk 0:04:21]} 30. Rd1 {[%clk 0:06:02]} Bc8
{[%clk 0:04:07]} 31. Rxd8 {[%clk 0:05:11]} Nxd8 {[%clk 0:04:13]} 32. f4
{[%clk 0:02:27]} gxf4+ {[%clk 0:03:37]} 33. gxf4 {[%clk 0:02:52]} exf4+
{[%clk 0:04:03]} 34. Kxf4 {[%clk 0:03:14]} Ne6+ {[%clk 0:04:31]} 35. Ke3
{[%clk 0:02:48]} Kd6 {[%clk 0:03:36]} 36. Bh3 {[%clk 0:02:22]} Bd7
{[%clk 0:02:52]} 37. Nd2 {[%clk 0:00:34]} c5 {[%clk 0:02:44]} 38. b4
{[%clk 0:00:48]} c4 {[%clk 0:00:47]} 39. Nf3 {[%clk 0:00:46]} f6 {[%clk 0:00:48]}
40. Bxe6 {[%clk 0:30:46]} Bxe6 {[%clk 0:31:01]} 41. Kf4 {[%clk 0:27:45]} Bc8
{[%clk 0:23:11]} 42. Nd2 {[%clk 0:15:27]} Bh3 {[%clk 0:16:57]} 43. Nb1
{[%clk 0:15:30]} Bd7 {[%clk 0:10:12]} 44. Nc3 {[%clk 0:15:04]} Ke6
{[%clk 0:10:09]} 45. Nd1 {[%clk 0:12:40]} Kd6 {[%clk 0:09:03]} 46. Ne3
{[%clk 0:12:37]} Ke6 {[%clk 0:07:31]} 47. Ng2 {[%clk 0:09:32]} Kd6
{[%clk 0:06:41]} 48. Nh4 {[%clk 0:09:11]} Bc8 {[%clk 0:06:30]} 49. Ke3
{[%clk 0:08:51]} Bg4 {[%clk 0:04:31]} 50. Kd4 {[%clk 0:08:45]} Be6
{[%clk 0:04:09]} 51. Ng2 {[%clk 0:08:36]} Bc8 {[%clk 0:03:53]} 52. Ne3
{[%clk 0:07:50]} Bb7 {[%clk 0:03:57]} 53. Nd1 {[%clk 0:06:03]} Bc8
{[%clk 0:03:02]} 54. Nc3 {[%clk 0:06:11]} Bb7 {[%clk 0:02:28]} 55. a4
{[%clk 0:05:43]} Bc6 {[%clk 0:02:56]} 56. a5 {[%clk 0:04:37]} Bb7
{[%clk 0:03:08]} 57. Nd1 {[%clk 0:04:50]} Bc8 {[%clk 0:02:56]} 58. Ne3
{[%clk 0:04:42]} Bb7 {[%clk 0:03:04]} 59. Nf5+ {[%clk 0:04:51]} Ke6
{[%clk 0:03:30]} 60. Nh4 {[%clk 0:04:56]} Kd6 {[%clk 0:03:51]} 61. Nf3
{[%clk 0:04:34]} Bc8 {[%clk 0:04:09]} 62. e5+ {[%clk 0:02:09]} fxe5+
{[%clk 0:04:30]} 63. Nxe5 {[%clk 0:02:33]} Bf5 {[%clk 0:04:31]} 64. c3
{[%clk 0:02:49]} Be6 {[%clk 0:02:59]} 65. Ke4 {[%clk 0:01:50]} Bc8
{[%clk 0:01:29]} 66. Kf4 {[%clk 0:01:03]} Kd5 {[%clk 0:01:05]} 67. Nf7
{[%clk 0:01:12]} Bd7 {[%clk 0:00:39]} 68. Ng5 {[%clk 0:01:22]} h6
{[%clk 0:00:46]} 69. Nf7 {[%clk 0:01:28]} h5 {[%clk 0:00:57]} 70. h4
{[%clk 0:01:48]} Bh3 {[%clk 0:00:45]} 71. Ng5 {[%clk 0:01:25]} Bg2
{[%clk 0:01:12]} 72. Kf5 {[%clk 0:01:19]} Bf1 {[%clk 0:01:09]} 73. Nf3
{[%clk 0:01:26]} Be2 {[%clk 0:01:09]} 74. Nd4 {[%clk 0:01:06]} Bd1
{[%clk 0:01:12]} 75. Kf4 {[%clk 0:00:56]} Bg4 {[%clk 0:01:15]} 76. Nc2
{[%clk 0:01:07]} Be2 {[%clk 0:01:16]} 77. Ne3+ {[%clk 0:01:28]} Ke6
{[%clk 0:01:17]} 78. Nf5 {[%clk 0:01:40]} Bg4 {[%clk 0:00:38]} 79. Ng3
{[%clk 0:02:04]} Kd5 {[%clk 0:00:41]} 80. Ne4 {[%clk 0:02:25]} Kc6
{[%clk 0:00:42]} 81. Nc5 {[%clk 0:02:19]} Bc8 {[%clk 0:00:39]} 82. Ke5
{[%clk 0:02:30]} Kc7 {[%clk 0:00:45]} 83. Kd5 {[%clk 0:02:41]} Kb8
{[%clk 0:00:48]} 84. Kc6 {[%clk 0:02:25]} Ka7 {[%clk 0:01:11]} 85. Kc7
{[%clk 0:02:25]} Bf5 {[%clk 0:01:23]} 86. Nb7 {[%clk 0:02:41]} Be4
{[%clk 0:00:54]} 87. Nd8 {[%clk 0:02:51]} Bf3 {[%clk 0:00:59]} 88. Nc6+
{[%clk 0:02:32]} Ka8 {[%clk 0:01:19]} 89. Kb6 {[%clk 0:02:42]} Bd5
{[%clk 0:01:26]} 90. Ne5 {[%clk 0:01:21]} Bb7 {[%clk 0:01:47]} 91. Nd7
{[%clk 0:01:38]} Bc8 {[%clk 0:02:00]} 92. Nc5 {[%clk 0:02:03]} 1-0

[Event "Moscow_Open_19_TurnirA"]
[Site "?"]
[Date "2019.02.02"]
[Round "8.13"]
[White "Urazayev, Arystanbek"]
[Black "Suleymenov, Alisher"]
[Result "1-0"]
[BlackElo "2404"]
[WhiteElo "2450"]
[LiveChessVersion "1.4.8"]

1. g3 {[%clk 1:27:02]} c5 {[%clk 1:27:27]} 2. Bg2 {[%clk 1:26:45]} g6
{[%clk 1:23:18]} 3. e4 {[%clk 1:27:10]} Bg7 {[%clk 1:21:56]} 4. f4
{[%clk 1:27:35]} Nc6 {[%clk 1:20:25]} 5. Nf3 {[%clk 1:27:54]} d6 {[%clk 1:18:10]}
6. O-O {[%clk 1:28:01]} e6 {[%clk 1:16:56]} 7. d3 {[%clk 1:28:11]} Nge7
{[%clk 1:16:41]} 8. c3 {[%clk 1:27:54]} O-O {[%clk 1:12:02]} 9. Be3
{[%clk 1:28:20]} b6 {[%clk 1:10:30]} 10. Na3 Ba6 {[%clk 0:57:30]} 11. Re1
{[%clk 1:25:51]} Rc8 {[%clk 0:36:34]} 12. d4 {[%clk 1:25:52]} cxd4
{[%clk 0:34:30]} 13. Nxd4 {[%clk 1:26:16]} Nxd4 {[%clk 0:32:13]} 14. Bxd4
{[%clk 1:26:41]} e5 {[%clk 0:32:09]} 15. Be3 {[%clk 1:17:09]} Qc7
{[%clk 0:24:08]} 16. Qa4 {[%clk 1:11:03]} Qb7 {[%clk 0:20:22]} 17. Nb5
{[%clk 1:07:12]} Rcd8 {[%clk 0:13:11]} 18. Rad1 {[%clk 1:05:58]} Nc8
{[%clk 0:13:40]} 19. Bf1 {[%clk 1:03:26]} Bxb5 {[%clk 0:10:53]} 20. Bxb5
{[%clk 1:03:39]} Ne7 {[%clk 0:11:17]} 21. Rd2 {[%clk 0:58:20]} d5
{[%clk 0:02:39]} 22. exd5 {[%clk 0:57:12]} Nf5 {[%clk 0:03:08]} 23. Bc6
{[%clk 0:54:57]} Qc8 {[%clk 0:03:38]} 24. Rde2 {[%clk 0:50:35]} Nxe3
{[%clk 0:00:51]} 25. Rxe3 {[%clk 0:51:03]} Qg4 {[%clk 0:00:57]} 26. Re4
{[%clk 0:47:35]} f5 {[%clk 0:01:04]} 27. Bd7 {[%clk 0:42:25]} Qf3
{[%clk 0:00:39]} 28. Be6+ {[%clk 0:41:15]} Kh8 {[%clk 0:01:08]} 29. R4e3
{[%clk 0:39:46]} Qg4 {[%clk 0:01:38]} 30. Rxe5 {[%clk 0:39:33]} b5
{[%clk 0:01:29]} 31. Qxa7 {[%clk 0:34:02]} Bxe5 {[%clk 0:01:14]} 32. Rxe5
{[%clk 0:34:21]} g5 {[%clk 0:00:42]} 33. Qd4 {[%clk 0:26:30]} gxf4
{[%clk 0:01:10]} 34. Bxf5 {[%clk 0:22:37]} Qg7 {[%clk 0:01:26]} 35. Qxf4
{[%clk 0:22:56]} Qa7+ {[%clk 0:00:39]} 36. Kg2 {[%clk 0:22:29]} Rf7
{[%clk 0:00:37]} 37. Qe4 {[%clk 0:21:24]} Rdf8 {[%clk 0:00:42]} 38. d6
{[%clk 0:20:51]} Qxa2 {[%clk 0:00:40]} 39. Rxb5 {[%clk 0:19:21]} Qa6
{[%clk 0:00:54]} 40. Rd5 {[%clk 0:42:31]} Qb7 {[%clk 0:31:19]} 41. Rd2
{[%clk 0:40:19]} Qb5 {[%clk 0:18:30]} 42. Qd4+ {[%clk 0:40:16]} Rg7
{[%clk 0:16:13]} 43. Bd3 {[%clk 0:37:42]} Qg5 {[%clk 0:13:05]} 44. Be4
{[%clk 0:32:38]} h5 {[%clk 0:06:15]} 45. Rf2 {[%clk 0:24:29]} Rxf2+
{[%clk 0:06:43]} 46. Qxf2 {[%clk 0:24:42]} h4 {[%clk 0:06:45]} 47. Qf5
{[%clk 0:17:28]} Qd2+ {[%clk 0:01:42]} 48. Kh3 {[%clk 0:17:12]} Kg8
{[%clk 0:00:39]} 49. Bd5+ {[%clk 0:17:24]} Kh8 {[%clk 0:01:05]} 50. Qf8+
{[%clk 0:17:38]} Kh7 {[%clk 0:01:34]} 51. Be4+ {[%clk 0:17:59]} Rg6
{[%clk 0:02:00]} 52. Qf7+ {[%clk 0:17:40]} Kh8 {[%clk 0:02:28]} 53. Qxg6
{[%clk 0:15:32]} Qg2+ {[%clk 0:02:40]} 54. Bxg2 {[%clk 0:15:57]} 1-0

[Event "Moscow_Open_19_TurnirA"]
[Site "?"]
[Date "2019.02.02"]
[Round "8.14"]
[White "Kokarev, Dmitry"]
[Black "Hayrapetyan, Hovik"]
[Result "0-1"]
[BlackElo "2434"]
[WhiteElo "2605"]
[LiveChessVersion "1.4.8"]

1. e4 {[%clk 1:30:54]} c5 {[%clk 1:30:54]} 2. Nf3 {[%clk 1:31:19]} Nc6
{[%clk 1:30:54]} 3. d4 {[%clk 1:31:42]} cxd4 {[%clk 1:31:13]} 4. Nxd4
{[%clk 1:32:08]} Nf6 {[%clk 1:27:25]} 5. Nc3 {[%clk 1:32:30]} d6 {[%clk 1:27:47]}
6. Bg5 {[%clk 1:32:52]} e6 {[%clk 1:26:15]} 7. Qd2 {[%clk 1:33:15]} Be7
{[%clk 1:26:07]} 8. O-O-O {[%clk 1:32:53]} a6 {[%clk 1:25:47]} 9. f4
{[%clk 1:28:57]} Bd7 {[%clk 1:20:18]} 10. Nf3 {[%clk 1:27:58]} b5
{[%clk 1:07:32]} 11. Bxf6 {[%clk 1:28:03]} gxf6 {[%clk 1:06:46]} 12. Kb1 h5
{[%clk 1:03:39]} 13. f5 {[%clk 1:26:19]} Ne5 {[%clk 0:54:01]} 14. fxe6
{[%clk 1:24:25]} fxe6 {[%clk 0:50:40]} 15. Ne2 {[%clk 1:19:27]} Qb6
{[%clk 0:43:01]} 16. Nf4 {[%clk 1:17:20]} Nxf3 {[%clk 0:41:27]} 17. gxf3
{[%clk 1:16:58]} Kf7 {[%clk 0:41:54]} 18. Bh3 {[%clk 1:14:34]} Rag8
{[%clk 0:40:51]} 19. Rhe1 {[%clk 1:10:55]} Bc8 {[%clk 0:35:00]} 20. a3
{[%clk 1:03:18]} Rg5 {[%clk 0:34:24]} 21. Ne2 {[%clk 0:57:58]} a5
{[%clk 0:29:24]} 22. f4 {[%clk 0:56:01]} Rc5 {[%clk 0:28:26]} 23. Nc1
{[%clk 0:53:28]} b4 {[%clk 0:27:41]} 24. a4 {[%clk 0:53:51]} Bd7 {[%clk 0:27:38]}
25. e5 {[%clk 0:48:00]} f5 {[%clk 0:19:26]} 26. exd6 {[%clk 0:40:08]} Bf6
{[%clk 0:19:20]} 27. Qe2 {[%clk 0:40:27]} b3 {[%clk 0:14:01]} 28. Nxb3
{[%clk 0:34:29]} Rc6 {[%clk 0:14:21]} 29. Qd3 {[%clk 0:27:16]} Rhc8
{[%clk 0:13:47]} 30. Re2 {[%clk 0:26:10]} Rc3 {[%clk 0:12:49]} 31. bxc3
{[%clk 0:25:53]} Rxc3 {[%clk 0:13:14]} 32. Bxf5 {[%clk 0:24:23]} Rxd3
{[%clk 0:13:21]} 33. Bxd3 {[%clk 0:24:47]} Qb4 {[%clk 0:13:20]} 34. Re4
{[%clk 0:20:52]} Qa3 {[%clk 0:13:46]} 35. Re5 {[%clk 0:21:17]} Bxa4
{[%clk 0:10:35]} 36. Nxa5 {[%clk 0:17:53]} Qb4+ {[%clk 0:09:52]} 37. Nb3
{[%clk 0:18:20]} Bxb3 {[%clk 0:07:42]} 38. cxb3 {[%clk 0:18:48]} Qxb3+
{[%clk 0:07:13]} 39. Kc1 {[%clk 0:19:16]} Bxe5 {[%clk 0:06:50]} 40. fxe5
{[%clk 0:49:39]} Ke8 {[%clk 0:35:40]} 41. Rd2 {[%clk 0:42:44]} Kd7
{[%clk 0:31:55]} 42. h3 {[%clk 0:32:23]} Qc3+ {[%clk 0:31:00]} 43. Kd1
{[%clk 0:32:10]} Qa1+ {[%clk 0:31:14]} 44. Ke2 {[%clk 0:30:56]} Qxe5+
{[%clk 0:31:37]} 45. Kf3 {[%clk 0:31:20]} Qf6+ {[%clk 0:32:00]} 46. Ke2
{[%clk 0:31:30]} Kxd6 {[%clk 0:29:46]} 47. Be4+ {[%clk 0:26:51]} Ke5
{[%clk 0:30:08]} 48. Ba8 {[%clk 0:24:28]} Kf4 {[%clk 0:30:10]} 49. Kf2
{[%clk 0:24:43]} Qh4+ {[%clk 0:29:00]} 50. Ke2 {[%clk 0:24:18]} Qxh3
{[%clk 0:28:59]} 51. Rd4+ {[%clk 0:24:43]} Kf5 {[%clk 0:28:53]} 52. Bf3
{[%clk 0:24:42]} Qh2+ {[%clk 0:28:56]} 53. Kf1 {[%clk 0:25:06]} e5
{[%clk 0:28:53]} 54. Re4 {[%clk 0:24:27]} Qg3 {[%clk 0:29:00]} 0-1

[Event "Moscow_Open_19_TurnirA"]
[Site "?"]
[Date "2019.02.02"]
[Round "8.15"]
[White "Samusenko, Maksim"]
[Black "Iljiushenok, Ilia"]
[Result "1/2-1/2"]
[BlackElo "2533"]
[WhiteElo "2440"]
[LiveChessVersion "1.4.8"]

1. e4 {[%clk 1:30:45]} c6 {[%clk 1:23:36]} 2. d4 {[%clk 1:31:05]} d5
{[%clk 1:24:01]} 3. Nd2 {[%clk 1:31:22]} dxe4 {[%clk 1:24:26]} 4. Nxe4
{[%clk 1:31:46]} Bf5 {[%clk 1:24:53]} 5. Ng3 {[%clk 1:32:00]} Bg6
{[%clk 1:25:08]} 6. Bc4 {[%clk 1:31:38]} e6 {[%clk 1:24:47]} 7. N1e2
{[%clk 1:31:47]} Nf6 {[%clk 1:24:55]} 8. Nf4 {[%clk 1:31:55]} Bd6
{[%clk 1:25:17]} 9. c3 {[%clk 1:31:58]} Nbd7 {[%clk 1:25:40]} 10. Qf3
{[%clk 1:32:12]} Qc7 {[%clk 1:26:04]} 11. O-O {[%clk 1:31:24]} O-O-O
{[%clk 1:25:46]} 12. Nxg6 {[%clk 1:30:03]} hxg6 {[%clk 1:24:42]} 13. Bg5
{[%clk 1:29:47]} Rdf8 {[%clk 1:20:37]} 14. h3 {[%clk 1:23:37]} Nh7 15. Bd2
{[%clk 1:09:51]} g5 {[%clk 1:02:57]} 16. b4 {[%clk 0:49:31]} Bf4 {[%clk 0:59:04]}
17. Rfd1 {[%clk 0:48:36]} Nhf6 {[%clk 0:53:22]} 18. a4 {[%clk 0:37:44]} Rh4
{[%clk 0:44:17]} 19. b5 {[%clk 0:18:12]} Bxd2 {[%clk 0:41:39]} 20. Rxd2
{[%clk 0:18:33]} g4 {[%clk 0:41:46]} 21. Qe3 {[%clk 0:09:28]} gxh3
{[%clk 0:41:00]} 22. bxc6 {[%clk 0:09:39]} Qxc6 {[%clk 0:14:13]} 23. Bf1
{[%clk 0:10:00]} Nd5 {[%clk 0:14:13]} 24. Qf3 {[%clk 0:06:24]} Nf4
{[%clk 0:07:15]} 25. d5 {[%clk 0:05:54]} Nxd5 {[%clk 0:06:54]} 26. Nf5
{[%clk 0:05:58]} exf5 {[%clk 0:06:45]} 27. Rxd5 {[%clk 0:06:24]} Nf6
{[%clk 0:02:03]} 28. Qxf5+ {[%clk 0:05:06]} Kb8 {[%clk 0:02:29]} 29. Rd4
{[%clk 0:02:41]} Rh5 {[%clk 0:00:58]} 30. Qf4+ {[%clk 0:02:58]} Ka8
{[%clk 0:01:28]} 31. gxh3 {[%clk 0:02:59]} Nd5 {[%clk 0:01:48]} 32. Qg4
{[%clk 0:01:55]} Nf6 {[%clk 0:01:12]} 33. Qf4 {[%clk 0:02:14]} Nd5
{[%clk 0:00:38]} 34. Qg4 {[%clk 0:02:32]} Nf6 {[%clk 0:00:39]} 35. Qf4
{[%clk 0:02:52]} Nd5 {[%clk 0:01:02]} 1/2-1/2

[Event "Moscow_Open_19_TurnirA"]
[Site "?"]
[Date "2019.02.03"]
[Round "9.4"]
[White "Grachev, Boris"]
[Black "Afanasiev, Nikita"]
[Result "1/2-1/2"]
[BlackElo "2508"]
[WhiteElo "2626"]
[LiveChessVersion "1.4.8"]

1. Nf3 {[%clk 1:25:45]} d5 {[%clk 1:30:50]} 2. e3 {[%clk 1:24:52]} Nf6
{[%clk 1:31:07]} 3. c4 {[%clk 1:25:15]} c6 {[%clk 1:29:53]} 4. Nc3
{[%clk 1:24:09]} g6 {[%clk 1:28:49]} 5. d4 {[%clk 1:23:28]} Bg7 {[%clk 1:29:13]}
6. Be2 {[%clk 1:22:12]} O-O {[%clk 1:29:14]} 7. O-O b6 {[%clk 1:13:53]} 8. a4
{[%clk 1:20:24]} Ba6 {[%clk 1:06:45]} 9. b3 {[%clk 1:03:04]} Ne4 {[%clk 0:57:15]}
10. Nxe4 {[%clk 0:48:47]} dxe4 {[%clk 0:57:38]} 11. Ng5 {[%clk 0:49:13]} c5
{[%clk 0:46:52]} 12. Ra2 {[%clk 0:46:57]} Bb7 {[%clk 0:40:31]} 13. d5
{[%clk 0:43:10]} e6 {[%clk 0:40:32]} 14. Nxe4 {[%clk 0:43:19]} exd5
{[%clk 0:38:58]} 15. cxd5 {[%clk 0:43:25]} Qxd5 {[%clk 0:32:46]} 16. Bf3
{[%clk 0:43:31]} Qxd1 {[%clk 0:26:56]} 17. Rxd1 {[%clk 0:43:54]} Nc6
{[%clk 0:27:21]} 18. Nd6 {[%clk 0:21:26]} Nb4 {[%clk 0:27:41]} 19. Bxb7
{[%clk 0:18:42]} Nxa2 {[%clk 0:28:05]} 20. Bxa8 {[%clk 0:19:09]} Rxa8
{[%clk 0:28:22]} 21. Nc4 {[%clk 0:16:27]} Kf8 {[%clk 0:13:41]} 22. Kf1
{[%clk 0:11:32]} Ke7 {[%clk 0:12:54]} 23. f3 {[%clk 0:10:20]} Rd8
{[%clk 0:06:32]} 24. Rxd8 {[%clk 0:09:42]} Kxd8 {[%clk 0:07:01]} 25. Bd2
{[%clk 0:10:04]} Kc7 {[%clk 0:05:10]} 26. Ke2 {[%clk 0:07:54]} a6
{[%clk 0:05:07]} 27. e4 {[%clk 0:07:44]} Kc6 {[%clk 0:03:20]} 28. Kd3
{[%clk 0:07:36]} b5 {[%clk 0:03:45]} 29. axb5+ {[%clk 0:07:45]} axb5
{[%clk 0:04:11]} 30. Ne3 {[%clk 0:08:08]} Bh6 {[%clk 0:03:19]} 31. g3
{[%clk 0:06:40]} Bg7 {[%clk 0:02:40]} 32. Nd5 {[%clk 0:04:34]} Bb2
{[%clk 0:01:21]} 33. Kc2 {[%clk 0:04:15]} Bg7 {[%clk 0:00:56]} 34. Kb1
{[%clk 0:03:00]} Nb4 {[%clk 0:01:22]} 35. Bxb4 {[%clk 0:03:06]} cxb4
{[%clk 0:01:49]} 36. Kc2 {[%clk 0:01:58]} Kc5 {[%clk 0:02:13]} 37. Kd3
{[%clk 0:02:23]} Bd4 {[%clk 0:02:20]} 38. h3 {[%clk 0:01:43]} h5 {[%clk 0:01:47]}
39. g4 {[%clk 0:01:46]} hxg4 {[%clk 0:02:02]} 40. hxg4 {[%clk 0:31:14]} g5
{[%clk 0:31:30]} 41. f4 {[%clk 0:25:42]} gxf4 {[%clk 0:31:39]} 42. Nxf4
{[%clk 0:26:05]} Bf6 {[%clk 0:29:27]} 43. Ne2 {[%clk 0:24:56]} Kd6
{[%clk 0:27:08]} 44. Nd4 {[%clk 0:23:44]} Ke5 {[%clk 0:27:24]} 45. Nxb5
{[%clk 0:23:24]} Be7 {[%clk 0:10:49]} 46. Nc7 {[%clk 0:21:18]} Bd6
{[%clk 0:07:03]} 47. Nd5 {[%clk 0:21:33]} Bc5 {[%clk 0:07:21]} 48. g5
{[%clk 0:20:23]} Bd6 {[%clk 0:07:27]} 49. Ke3 {[%clk 0:18:48]} Bf8
{[%clk 0:06:39]} 50. Nf4 {[%clk 0:16:10]} Bc5+ {[%clk 0:06:13]} 51. Kf3
{[%clk 0:16:34]} Bd6 {[%clk 0:06:36]} 52. Ke3 {[%clk 0:07:08]} Bc5+
{[%clk 0:07:01]} 53. Kf3 {[%clk 0:07:33]} Bd6 {[%clk 0:07:27]} 54. g6
{[%clk 0:01:47]} fxg6 {[%clk 0:07:50]} 55. Nxg6+ {[%clk 0:02:11]} Kd4
{[%clk 0:08:16]} 56. e5 {[%clk 0:02:16]} Bxe5 {[%clk 0:08:41]} 57. Nxe5
{[%clk 0:02:41]} Kxe5 58. Ke4+ 1/2-1/2

[Event "Moscow_Open_19_TurnirA"]
[Site "?"]
[Date "2019.02.03"]
[Round "9.5"]
[White "Potapov, Pavel"]
[Black "Kryakvin, Dmitry"]
[Result "0-1"]
[BlackElo "2588"]
[WhiteElo "2516"]
[LiveChessVersion "1.4.8"]

1. e4 {[%clk 1:30:58]} e6 {[%clk 1:30:54]} 2. d4 {[%clk 1:31:11]} d5
{[%clk 1:31:18]} 3. Nc3 {[%clk 1:31:20]} Bb4 {[%clk 1:30:15]} 4. e5
{[%clk 1:31:24]} c5 {[%clk 1:30:36]} 5. a3 {[%clk 1:31:46]} Bxc3+
{[%clk 1:30:58]} 6. bxc3 {[%clk 1:32:11]} Qa5 {[%clk 1:30:33]} 7. Qd2
{[%clk 1:30:02]} Nc6 {[%clk 1:26:36]} 8. Nf3 {[%clk 1:29:20]} Nge7
{[%clk 1:24:13]} 9. a4 Bd7 {[%clk 1:21:27]} 10. Ba3 {[%clk 1:16:58]} cxd4
{[%clk 1:13:56]} 11. cxd4 {[%clk 1:15:56]} Qxd2+ {[%clk 1:12:47]} 12. Kxd2
{[%clk 1:16:18]} Na5 {[%clk 1:12:27]} 13. Bd3 {[%clk 1:12:12]} Nc4+
{[%clk 1:08:24]} 14. Ke2 {[%clk 1:11:27]} Ng6 {[%clk 1:02:47]} 15. g3
{[%clk 1:04:06]} Bxa4 {[%clk 0:59:06]} 16. Bc5 {[%clk 1:04:28]} b5
{[%clk 0:56:12]} 17. Bxc4 {[%clk 0:57:45]} dxc4 {[%clk 0:56:33]} 18. Rhc1
{[%clk 0:58:04]} Ne7 {[%clk 0:49:19]} 19. Nd2 {[%clk 0:47:41]} Nd5
{[%clk 0:49:34]} 20. Ke1 {[%clk 0:45:58]} c3 {[%clk 0:38:34]} 21. Ne4
{[%clk 0:46:21]} Kd7 {[%clk 0:38:58]} 22. Ke2 {[%clk 0:42:09]} a5
{[%clk 0:36:19]} 23. Kd3 {[%clk 0:38:26]} Rhc8 {[%clk 0:27:17]} 24. f4
{[%clk 0:37:34]} f5 {[%clk 0:26:01]} 25. exf6 {[%clk 0:35:33]} gxf6
{[%clk 0:26:26]} 26. Nxc3 {[%clk 0:24:13]} Nxc3 {[%clk 0:26:37]} 27. Kxc3
{[%clk 0:24:40]} b4+ {[%clk 0:26:19]} 28. Kb2 {[%clk 0:24:48]} Bc6
{[%clk 0:24:32]} 29. c3 {[%clk 0:24:30]} bxc3+ {[%clk 0:24:09]} 30. Kxc3
{[%clk 0:24:49]} a4 {[%clk 0:23:05]} 31. Ba3 {[%clk 0:22:31]} Rab8
{[%clk 0:21:57]} 32. Kd2 {[%clk 0:20:04]} Rb3 {[%clk 0:20:51]} 33. Rc3
{[%clk 0:19:39]} Rxc3 {[%clk 0:20:34]} 34. Kxc3 {[%clk 0:20:04]} Rb8
{[%clk 0:20:12]} 35. Bb4 {[%clk 0:20:20]} h5 {[%clk 0:20:15]} 36. Re1
{[%clk 0:16:56]} Bd5 {[%clk 0:18:35]} 37. Ra1 {[%clk 0:17:10]} Ra8
{[%clk 0:18:25]} 38. Ba3 {[%clk 0:15:31]} Kc6 {[%clk 0:14:10]} 39. Rc1
{[%clk 0:14:57]} Kd7 {[%clk 0:09:35]} 40. Ra1 {[%clk 0:43:33]} h4
{[%clk 0:37:46]} 41. gxh4 {[%clk 0:40:46]} Rh8 {[%clk 0:37:28]} 42. Bc5
{[%clk 0:40:19]} Bb3 {[%clk 0:37:35]} 43. f5 {[%clk 0:34:47]} exf5
{[%clk 0:34:56]} 44. Rf1 {[%clk 0:34:36]} Ke6 {[%clk 0:34:04]} 45. Rf4
{[%clk 0:32:56]} Rb8 {[%clk 0:31:47]} 46. Rf1 {[%clk 0:29:35]} Bd5
{[%clk 0:30:55]} 47. Re1+ {[%clk 0:26:40]} Kf7 {[%clk 0:30:11]} 48. Re7+
{[%clk 0:23:21]} Kg6 {[%clk 0:30:37]} 49. Rd7 {[%clk 0:21:15]} Rb3+
{[%clk 0:28:39]} 50. Kd2 {[%clk 0:21:31]} Bc4 {[%clk 0:28:12]} 51. Ra7
{[%clk 0:20:49]} Bb5 {[%clk 0:28:12]} 52. Rb7 {[%clk 0:19:51]} f4 53. d5
{[%clk 0:18:31]} f3 {[%clk 0:25:15]} 54. d6 {[%clk 0:16:11]} a3 {[%clk 0:23:27]}
55. Kc2 {[%clk 0:15:33]} a2 {[%clk 0:19:47]} 56. Ra7 {[%clk 0:15:34]} Rb4
{[%clk 0:18:11]} 57. h5+ {[%clk 0:06:01]} Kxh5 {[%clk 0:16:46]} 58. Kd2
{[%clk 0:04:07]} Ba4 {[%clk 0:15:03]} 59. Ra5 {[%clk 0:02:53]} Kg6
{[%clk 0:15:18]} 0-1

[Event "Moscow_Open_19_TurnirA"]
[Site "?"]
[Date "2019.02.03"]
[Round "9.7"]
[White "Khanin, Semen"]
[Black "Mozharov, Mikhail"]
[Result "1/2-1/2"]
[BlackElo "2549"]
[WhiteElo "2514"]
[LiveChessVersion "1.4.8"]

1. e4 {[%clk 1:29:18]} e5 {[%clk 1:29:48]} 2. Nf3 {[%clk 1:29:45]} Nc6
{[%clk 1:30:03]} 3. d4 {[%clk 1:30:06]} exd4 {[%clk 1:30:09]} 4. Nxd4
{[%clk 1:30:32]} Nf6 {[%clk 1:30:02]} 5. Nc3 {[%clk 1:30:38]} Bb4
{[%clk 1:29:44]} 6. Nxc6 {[%clk 1:31:01]} bxc6 {[%clk 1:30:08]} 7. Bd3
{[%clk 1:31:26]} d5 {[%clk 1:28:24]} 8. exd5 {[%clk 1:31:50]} O-O
{[%clk 1:28:12]} 9. O-O {[%clk 1:29:23]} Bg4 {[%clk 1:22:43]} 10. f3
{[%clk 1:28:48]} Bh5 {[%clk 1:23:06]} 11. Bg5 {[%clk 1:27:07]} cxd5 12. Nxd5
{[%clk 1:25:02]} Qxd5 {[%clk 1:21:51]} 13. Bxf6 {[%clk 1:25:26]} Qc5+
{[%clk 1:21:57]} 14. Kh1 {[%clk 1:25:50]} gxf6 {[%clk 1:22:22]} 15. a3
{[%clk 1:26:13]} Ba5 {[%clk 1:22:24]} 16. b4 {[%clk 1:26:37]} Bxb4
{[%clk 1:22:27]} 17. axb4 {[%clk 1:27:01]} Qxb4 {[%clk 1:22:52]} 18. Ra2
{[%clk 1:23:00]} Bg6 {[%clk 1:12:59]} 19. Qa1 {[%clk 1:21:39]} Kg7
{[%clk 1:12:04]} 20. Rxa7 {[%clk 1:21:16]} Rxa7 {[%clk 1:12:09]} 21. Qxa7
{[%clk 1:21:40]} Qc3 {[%clk 1:11:46]} 22. Qa1 {[%clk 1:19:31]} Qxa1
{[%clk 1:09:23]} 23. Rxa1 {[%clk 1:19:56]} Rd8 {[%clk 1:09:44]} 24. Ra3
{[%clk 1:20:14]} Bxd3 {[%clk 1:09:40]} 25. cxd3 {[%clk 1:20:39]} Kg6
{[%clk 1:09:49]} 26. Rc3 {[%clk 1:20:57]} h5 {[%clk 1:10:08]} 27. Rxc7
{[%clk 1:21:21]} Rxd3 {[%clk 1:10:34]} 28. Kg1 {[%clk 1:21:41]} Rd2
{[%clk 1:10:53]} 29. Rc5 {[%clk 1:22:00]} Ra2 {[%clk 1:11:14]} 30. Rb5
{[%clk 1:22:20]} Rc2 {[%clk 1:11:37]} 31. Rd5 {[%clk 1:22:45]} Ra2
{[%clk 1:11:56]} 32. Rb5 {[%clk 1:23:11]} Rc2 {[%clk 1:12:15]} 1/2-1/2